<?xml version="1.0" encoding="UTF-8"?>
<marc:record xmlns:marc="http://www.loc.gov/MARC21/slim">
   <marc:leader>00000nam a2200000 a 4500</marc:leader>
   <marc:datafield ind1="1" ind2=" " tag="100">
      <marc:subfield code="a">Becht, Sabine</marc:subfield>
      <marc:subfield code="4">aut</marc:subfield>
      <marc:subfield code="e">Verfasser/-in</marc:subfield>
   </marc:datafield>
   <marc:datafield ind1="1" ind2=" " tag="100">
      <marc:subfield code="a">Talaron, Sven</marc:subfield>
      <marc:subfield code="4">aut</marc:subfield>
      <marc:subfield code="e">Verfasser/-in</marc:subfield>
   </marc:datafield>
   <marc:datafield ind1=" " ind2=" " tag="653">
      <marc:subfield code="a">Deutschland</marc:subfield>
   </marc:datafield>
   <marc:datafield ind1=" " ind2=" " tag="653">
      <marc:subfield code="a">Usedom</marc:subfield>
   </marc:datafield>
   <marc:datafield ind1=" " ind2=" " tag="653">
      <marc:subfield code="a">Usedom/Wandern</marc:subfield>
   </marc:datafield>
   <marc:datafield ind1="0" ind2="0" tag="245">
      <marc:subfield code="a">Usedom</marc:subfield>
   </marc:datafield>
   <marc:datafield ind1="0" ind2="0" tag="245">
      <marc:subfield code="c">Becht, Sabine</marc:subfield>
   </marc:datafield>
   <marc:datafield ind1=" " ind2="1" tag="264">
      <marc:subfield code="a">Erlangen</marc:subfield>
      <marc:subfield code="b">Michael Müller Verlag</marc:subfield>
      <marc:subfield code="c">2026</marc:subfield>
   </marc:datafield>
   <marc:datafield ind1=" " ind2=" " tag="250">
      <marc:subfield code="a">8., komplett überarbeitete und aktualsisierte Auflage</marc:subfield>
   </marc:datafield>
   <marc:datafield ind1="1" ind2=" " tag="520">
      <marc:subfield code="a">Usedom-Reiseführer 2026 – Kaiserbäder, Strand und stille Natur entdecken&#xD;
                &#xD;
                &#xD;
                    Michael Müller Reiseführer Usedom – umfassend, übersichtlich,&#xD;
    unentbehrlich&#xD;
                &#xD;
                &#xD;
&#xD;
  Deutschlands sonnenreichste Insel erwartet Sie. Mit der&#xD;
        8. Auflage 2026 unseres Reiseführers »Usedom« entdecken Sie die&#xD;
  Ostseeinsel individuell, fundiert recherchiert und mit vielen&#xD;
        persönlichen Empfehlungen von Sabine Becht und Sven Talaron.&#xD;
&#xD;
                &#xD;
Auf einen Blick:&#xD;
                &#xD;
                    228 Seiten voller aktueller Informationen&#xD;
                    130 Farbfotos mit authentischen Eindrücken&#xD;
                    42 Karten und Pläne plus Übersichtskarte&#xD;
                    8 Wanderungen und Touren mit GPS-Tracks&#xD;
                    Nachhaltig wirtschaftende Betriebe gekennzeichnet&#xD;
                &#xD;
                &#xD;
&#xD;
                &#xD;
&#xD;
  Von den berühmten Kaiserbädern Ahlbeck, Heringsdorf und Bansin mit&#xD;
  ihren Seebrücken und Bädervillen bis zu 40 Kilometern feinsandigem Strand:&#xD;
  Dieser Usedom-Reiseführer zeigt die Highlights ebenso wie ruhige Ecken&#xD;
        abseits des Trubels.&#xD;
&#xD;
                &#xD;
&#xD;
  Im Achterland zwischen Achterwasser und Stettiner Haff erleben Sie stille&#xD;
  Natur. Die Usedomer Schweiz überrascht mit eiszeitlich geformter&#xD;
  Moränenlandschaft. In Zinnowitz glänzt klassische Bäderarchitektur, in&#xD;
  Peenemünde wird Geschichte greifbar. Auch Usedom Stadt, Swinemünde und die&#xD;
  Dörfer am Peenestrom sind detailliert beschrieben.&#xD;
&#xD;
                &#xD;
&#xD;
  Sogar Ausflüge nach Greifswald, Wolgast, Anklam oder auf die&#xD;
  Nachbarinsel Rügen lassen sich mit diesem Reiseführer planen.&#xD;
&#xD;
                &#xD;
&#xD;
  Zahlreiche Kurz-Essays vermitteln Hintergrundwissen und Anekdoten. Die&#xD;
  Geheimtipps der Autoren führen zu besonderen Naturplätzen, kleinen Cafés und&#xD;
  versteckten Aussichtspunkten.&#xD;
&#xD;
                &#xD;
&#xD;
  Das Magazin Tourenfahrer urteilt: »Für uns der beste Reiseleiter zur Insel,&#xD;
  informativ, kritisch und umfassend.« Fachbuchkritik.de nennt ihn einen »echten&#xD;
  Usedom-Bestseller«.&#xD;
&#xD;
                &#xD;
                    Authentisch reisen mit dem Michael Müller Verlag&#xD;
                &#xD;
                &#xD;
Von Reisenden für Reisende gemacht – unabhängig, ehrlich, detailreich.</marc:subfield>
   </marc:datafield>
   <marc:datafield ind1=" " ind2=" " tag="020">
      <marc:subfield code="a">9783966852593</marc:subfield>
      <marc:subfield code="9">9783966852593</marc:subfield>
   </marc:datafield>
   <marc:datafield ind1=" " ind2=" " tag="020">
      <marc:subfield code="a">3966852594</marc:subfield>
      <marc:subfield code="9">3966852594</marc:subfield>
   </marc:datafield>
   <marc:datafield ind1=" " ind2=" " tag="041">
      <marc:subfield code="a">ger</marc:subfield>
   </marc:datafield>
   <marc:datafield ind1=" " ind2=" " tag="300">
      <marc:subfield code="b">Illustrationen, Karten</marc:subfield>
   </marc:datafield>
   <marc:datafield ind1=" " ind2=" " tag="338">
      <marc:subfield code="a">Band</marc:subfield>
   </marc:datafield>
   <marc:datafield ind1=" " ind2=" " tag="300">
      <marc:subfield code="a">228 Seiten</marc:subfield>
   </marc:datafield>
</marc:record>
